000 00543nam a2200193 a 4500
005 20140310183426.0
008 071002s19uu xx 00 eng d
020 _a1412924073
050 _aPN 4784.W37
_b.T86 2006
100 _aTumber, Howard
245 _aJournalists under fire :
_binformation war and journalistic practices /
260 _aLondon :
_bSage Publication,
_c2006.
300 _a187 p. :
_c24 cm.
521 _aMC
650 _aWar
_xPress coverage.
700 _aWebster, Frank
942 _cBK
_2lcc
_kFOR
999 _c22651
_d22651